The book of Knowledge (Record no. 85844)
[ view plain ]
| 000 -LEADER | |
|---|---|
| fixed length control field | 00832nam a22002417a 4500 |
| 001 - CONTROL NUMBER | |
| control field | 85844 |
| 003 - CONTROL NUMBER IDENTIFIER | |
| rucl marc code | BD-RjUL |
| 005 - DATE AND TIME OF LATEST TRANSACTION | |
| control field | 20251013102859.0 |
| 008 - FIXED-LENGTH DATA ELEMENTS--GENERAL INFORMATION | |
| fixed length control field | 251013s1954 lon||||| e||| 00| 0 eng d |
| 035 ## - SYSTEM CONTROL NUMBER | |
| System control number | (BD-RjUL)85844 |
| 040 ## - CATALOGING SOURCE | |
| Original cataloging agency | BD-RjUL |
| Language of cataloging | eng |
| Transcribing agency | BD-RjUL |
| Modifying agency | DLC |
| Description conventions | DLC |
| 041 ## - LANGUAGE CODE | |
| Language code of text/sound track or separate title | eng |
| 082 ## - DEWEY DECIMAL CLASSIFICATION NUMBER | |
| Edition number | 23 |
| Classification number | 032 |
| Author mark and year | STB 1954 |
| 245 ## - TITLE STATEMENT | |
| Title | The book of Knowledge |
| Statement of responsibility, etc. | Edited by Gordon Stowell, |
| Number of part/section of a work | Advisory Edited by J. Edward Mason |
| 246 ## - VARYING FORM OF TITLE | |
| Title proper/short title | A Pictorial Treusury of Reading Reference for Young and old |
| 260 ## - PUBLICATION, DISTRIBUTION, ETC. (IMPRINT) | |
| Place of publication, distribution, etc. | London |
| Name of publisher, distributor, etc. | The Waverley book Company LTD |
| Date of publication, distribution, etc. | 1954 |
| 300 ## - PHYSICAL DESCRIPTION | |
| Pagination | 649 page, |
| Size | 20 cm. |
| 336 ## - CONTENT TYPE | |
| Source | The Waverley book Company LTD |
| Content type term | FarringdonStreet, London E.C.4. |
| 505 ## - FORMATTED CONTENTS NOTE | |
| Formatted contents note | Formatted note Volume-1, 2, 3, 4, 5, 6, 7, 8, |
| 650 ## - SUBJECT ADDED ENTRY--TOPICAL TERM | |
| Topical term or geographic name as entry element | Knowledge |
| 700 ## - ADDED ENTRY--PERSONAL NAME | |
| Personal name | Mason, J. Edward, Advisory Edited by |
| 942 ## - ADDED ENTRY ELEMENTS (KOHA) | |
| Source of classification or shelving scheme | Dewey Decimal Classification |
| Koha item type | Books |
| Lost status | Source of classification or shelving scheme | Damaged status | Not for loan | Permanent Location | Current Location | Shelving location | Date acquired | Source of acquisition | Total Checkouts | Full call number | Date last seen | Copy number | Koha item type |
|---|---|---|---|---|---|---|---|---|---|---|---|---|---|
| Dewey Decimal Classification | Not For Loan | Central Library, University of Rajshahi | Central Library, University of Rajshahi | Reference | 20/04/1955 | Paragon Enterprises Dhaka | R 032 STB 1954 V-8 | 13/10/2025 | C-1 | Books | |||
| Dewey Decimal Classification | Not For Loan | Central Library, University of Rajshahi | Central Library, University of Rajshahi | Reference | 20/04/1955 | Paragon Enterprises Dhaka | R 032 STB 1954 V-3 | 13/10/2025 | C-1 | Books | |||
| Dewey Decimal Classification | Not For Loan | Central Library, University of Rajshahi | Central Library, University of Rajshahi | Reference | 20/04/1955 | Paragon Enterprises Dhaka | R 032 STB 1954 V-7 | 13/10/2025 | C-1 | Books | |||
| Dewey Decimal Classification | Not For Loan | Central Library, University of Rajshahi | Central Library, University of Rajshahi | Reference | 20/04/1955 | Paragon Enterprises Dhaka | R 032 STB 1954 V-6 | 13/10/2025 | C-1 | Books | |||
| Dewey Decimal Classification | Not For Loan | Central Library, University of Rajshahi | Central Library, University of Rajshahi | Reference | 20/04/1955 | Paragon Enterprises Dhaka | R 032 STB 1954 V-5 | 13/10/2025 | C-1 | Books | |||
| Dewey Decimal Classification | Not For Loan | Central Library, University of Rajshahi | Central Library, University of Rajshahi | Reference | 20/04/1955 | Paragon Enterprises Dhaka | R 032 STB 1954 V-4 | 13/10/2025 | C-1 | Books | |||
| Dewey Decimal Classification | Not For Loan | Central Library, University of Rajshahi | Central Library, University of Rajshahi | Reference | 20/04/1955 | Paragon Enterprises Dhaka | R 032 STB 1954 V-2 | 13/10/2025 | C-1 | Books | |||
| Dewey Decimal Classification | Not For Loan | Central Library, University of Rajshahi | Central Library, University of Rajshahi | Reference | 20/04/1955 | Paragon Enterprises Dhaka | R 032 STB 1954 V-1 | 13/10/2025 | C-1 | Books |